000
00334nam a2200169Ia 4500
100
_a
Segaram/Toby
650
_a
Semantic web
942
_c
BK
366
_f
20
654
_a
semantic web
245
_a
Programming the semantic web
260
_b
SPD
_c
2009
082
_b
SEG
300
_a
280
546
_a
ENGLISH
999
_c
34396
_d
34396